000
00255nmm a2200097Ia 4500
008
220120s9999||||xx |||||||||||||||||und||
082
_a
0 76 DEA
100
_a
Deal, Richard
245
0
_a
Cisco certified network associate study guide (CCNA)
260
_c
2004
999
_c
139063
_d
139063